000 01034nam a22002295i 4500
001 162520
003 ES-MaACL
005 20251220063022.0
008 951113s1846 sp |||| | spa d
080 _a622(464.3)
080 _a622.349.9(460.354 Almadén)
080 _a55(460.287 Almadén)
100 1 _aPrado, Casiano de,
_d1797-1866
_993606
245 1 0 _aMinas de Almadén :
_bde la constitución geológica de sus criaderos, con una noticia sobre el sistema seguido en su laboreo y en el beneficio de sus minerales /
_cpor el ingeniero D. Casiano de Prado.
260 _aMadrid :
_b[s.n.],
_c1846 (
_fImp. y Fundición de Eusebio Aguado)
300 _a75 p., [1] h. de lám. col. ;
_c22 cm.
650 _aMinas-
_zAlmadén.
_9136500
650 _aMinas de mercurio-
_zAlmadén.
_9167428
650 4 _aGeología-
_zAlmadén.
_9150845
852 4 _aES-MaACL
_jT-1105-F-1
_z- Enc. hol., falto de cub. original
_z- Enc. en un vol. facticio
_z- Legado de Federico de Botella y de Hornos
999 _c162520
_d162520